| 000 | 00353nam a22001217a 4500 | ||
|---|---|---|---|
| 082 | _a220 PRO | ||
| 100 |
_aAHSAN, MUZZAMMIL,MUBASHIR _972205 |
||
| 245 | _aPR-SOF-1056-DESIGN AND AUTOMATION OF RADAR GUIDED ANTI- AIRCRAFT GUN | ||
| 260 |
_aISLAMABAD _bNUST COLLEGE OF EME _c2011 |
||
| 650 | _aDE-COMP-29 | ||
| 700 |
_aDR SHOAB A KHAN _918474 |
||
| 942 | _cCR | ||
| 999 |
_c578345 _d578345 |
||